Welcome to CU Library Online Public Access Catalogue (OPAC)

Handing the Media and Public Relations (Record no. 2152)

MARC details
000 -LEADER
fixed length control field 00514nam a22001817a 4500
005 - DATE AND TIME OF LATEST TRANSACTION
control field 20241213133312.0
008 - FIXED-LENGTH DATA ELEMENTS--GENERAL INFORMATION
fixed length control field 241213b |||||||| |||| 00| 0 eng d
020 ## - INTERNATIONAL STANDARD BOOK NUMBER
International Standard Book Number 9788179291252
050 ## - LIBRARY OF CONGRESS CALL NUMBER
Classification number HD59
Item number .R48 RID
100 ## - MAIN ENTRY--PERSONAL NAME
Personal name Ridgway Judith
245 ## - TITLE STATEMENT
Title Handing the Media and Public Relations
Statement of responsibility, etc. Judith Ridgway
250 ## - EDITION STATEMENT
Edition statement 1st Ed.
260 ## - PUBLICATION, DISTRIBUTION, ETC.
Place of publication, distribution, etc. New Delhi
Name of publisher, distributor, etc. Infinity Books
Date of publication, distribution, etc. 2005
300 ## - PHYSICAL DESCRIPTION
Extent ix. 222p.
Dimensions 21.5 cm x 14 cm
500 ## - GENERAL NOTE
General note Includes Index
650 ## - SUBJECT ADDED ENTRY--TOPICAL TERM
Source of heading or term Public Relations
942 ## - ADDED ENTRY ELEMENTS (KOHA)
Source of classification or shelving scheme Library of Congress Classification
Koha item type Books
Edition 1st Ed.
Suppress in OPAC No
999 ## -
-- 2152
-- 2152
Holdings
Withdrawn status Lost status Source of classification or shelving scheme Damaged status Not for loan Collection Home library Current library Shelving location Date acquired Total checkouts Full call number Barcode Date last seen Copy number Price effective from Koha item type
    Library of Congress Classification     Non-fiction Business Library (Miotso) Business Library (Miotso) General stacks 12/13/2024   HD59 .R48 RID BSSM00000318 12/13/2024 1 12/13/2024 Books
    Library of Congress Classification     Non-fiction Business Library (Miotso) Business Library (Miotso) General stacks 12/13/2024   HD59 .R48 RID BSSM00000319 12/13/2024 2 12/13/2024 Books
    Library of Congress Classification     Non-fiction Business Library (Miotso) Business Library (Miotso) General stacks 02/21/2025   HD59 .R48 RID BSSM00000927 02/21/2025 3 02/21/2025 Books
© 2023-2024 Copyright: Central University Libraries. All Rights Reserved | Created by: Mahone Tech Office